[Event "23rd OIBM 2019"]
[Site "Gmund am Tegernsee"]
[Date "2019.10.29"]
[Round "4.8"]
[White "Demchenko, Anton"]
[Black "Miller, Eduard"]
[Result "1-0"]
[WhiteElo "2655"]
[BlackElo "2402"]
[Annotator "TA"]
[PlyCount "53"]
[EventDate "2019.10.17"]
[EventType "swiss"]
[EventCountry "GER"]
[SourceTitle "playchess.com"]
[Source "ChessBase"]
[SourceQuality "1"]

{[%evp 12,53,14,26,42,39,50,35,47,42,48,43,50,50,47,45,128,127,136,127,131,136,137,139,150,146,152,145,193,177,185,202,299,293,295,295,582,582,582,579,555,537,29977,29977]} 1. e4 c5 2. Nf3 Nc6 3. Bb5 g6 4. O-O Bg7 5. Re1 e5 6. Bxc6 dxc6 7. d3 Be6 {B31: Sicilian: 2...Nc6 3 Bb5 g6} (7... Qc7 8. Be3 b6 9. a3 a5 10. Nbd2 Nf6 11. b4 Ng4 12. bxc5 Nxe3 13. fxe3 bxc5 14. Nc4 Be6 15. Nfd2 O-O {½-½ (30) Nakamura,H (2743)-Carlsen,M (2882) Saint Louis 2019}) 8. Be3 b6 9. Nbd2 $146 ({Predecessor:} 9. Nc3 Ne7 10. Qd2 O-O 11. Bh6 Qc7 12. Bxg7 Kxg7 13. Rad1 Rad8 14. Qg5 f6 15. Qg3 {0-1 (59) Gordon,F-Tushishvili,T (1330) Bratislava 2019}) 9... f6 {White is slightly better.} 10. a3 Nh6 11. h3 Nf7 12. b4 cxb4 13. axb4 f5 ({Black should try} 13... O-O $14) 14. exf5 $1 $16 gxf5 {[#]} 15. Bd4 $1 {[%mdl 576] Pin} O-O (15... exd4 16. Rxe6+) 16. Bxe5 Nxe5 17. Nxe5 Qd6 18. Ndf3 Bd5 19. c3 c5 {[#]} 20. bxc5 $1 bxc5 21. Ra5 Kh8 {[#]} (21... Rfd8 {was worth a try.} 22. d4 cxd4) 22. d4 $1 $18 Bxf3 23. Qxf3 ({Stronger than} 23. gxf3 Qh6 $11) ({Don't take} 23. Nxf3 cxd4 24. cxd4 (24. Nxd4 Rf7 $18) 24... Qb4 $18) 23... cxd4 $2 {[#]} (23... Bxe5 {was called for.} 24. dxe5 Qb6) 24. Qxa8 $1 {[%mdl 512]} Bxe5 (24... Rxa8 25. Nf7+) 25. Qb7 Qc7 26. Rxa7 Rf7 27. Qa8+ {Accuracy: White = 100%, Black = 41%.} 1-0

[Event "23rd OIBM 2019"]
[Site "Gmund am Tegernsee"]
[Date "2019.10.29"]
[Round "4.9"]
[White "Gareyev, Timur"]
[Black "Baum, Jonasz"]
[Result "1-0"]
[WhiteElo "2591"]
[BlackElo "2341"]
[Annotator "TA"]
[PlyCount "73"]
[EventDate "2019.10.17"]
[EventType "swiss"]
[EventCountry "GER"]
[SourceTitle "playchess.com"]
[Source "ChessBase"]
[SourceQuality "1"]

{[%evp 17,73,20,15,18,42,35,51,38,40,37,35,45,88,64,81,70,175,181,228,140,140,130,127,150,249,249,248,256,241,244,233,233,333,364,526,509,495,501,809,765,779,377,529,351,818,802,1177,1096,1210,1179,1411,1382,4718,4710,29987,29988,29989,29990]} 1. Nf3 Nf6 2. c4 e6 3. g3 b6 4. Bg2 Bb7 5. d4 Be7 6. O-O O-O 7. Re1 d5 8. cxd5 exd5 9. Nc3 Ne4 10. Bf4 {E17: Queen's Indian: 4 g3 Bb7 5 Bg2 Be7} (10. Qc2 Nc6 11. a3 Bf6 12. Rd1 Re8 13. Be3 Ne7 14. Nxe4 dxe4 15. Nd2 Nf5 16. Bxe4 Rxe4 17. Nxe4 Qd5 {1-0 (36) Navara,D (2734)-Eljanov,P (2717) Berlin 2015}) 10... Nxc3 11. bxc3 Nd7 12. a4 {White is slightly better.} a5 13. Qb3 Nf6 14. Ne5 Ne4 15. f3 Nd6 $146 ({Predecessor:} 15... Nf6 16. e4 h6 17. Rad1 Nh5 18. Bc1 c6 {1-0 (32) Adhiban,B (2543)-Salah,R (2115) Dubai 2011}) 16. e4 c6 (16... dxe4 $14 17. fxe4 Rb8) 17. Rab1 $18 dxe4 18. fxe4 b5 19. d5 cxd5 20. exd5 bxa4 (20... Bg5 $16) 21. Qxa4 Bg5 22. c4 Bxf4 23. gxf4 {And now c5 would win.} Rc8 {[#]} 24. Qa3 $1 {aiming for c5.} Qc7 (24... Nxc4 $142 25. Nxc4 Rxc4) 25. Rec1 Nf5 (25... Ba8 {keeps fighting.} 26. c5 Qa7) 26. c5 Ba8 27. Bh3 g6 (27... Qd8 $142 28. Qd3 Qxd5 29. Qxd5 Bxd5 30. Bxf5 Rc7) 28. Bxf5 gxf5 29. c6 (29. d6 $142 Qd8 30. c6) 29... f6 (29... Rfd8 $142 30. Nd7 Rxd7 31. cxd7 Qxd7 32. Rxc8+ Qxc8 33. Qxa5 h6) 30. Nd7 Qxf4 $2 {[#]} (30... Rf7) 31. Qg3+ Qxg3+ 32. hxg3 Rfd8 33. Nb6 Rc7 34. Nxa8 Rxa8 35. d6 Rg7 36. c7 Rxg3+ 37. Kf2 {Accuracy: White = 84%, Black = 25%.} 1-0

[Event "23rd OIBM 2019"]
[Site "Gmund am Tegernsee"]
[Date "2019.10.29"]
[Round "4.10"]
[White "Manu David Suthandram R"]
[Black "Azarov, Sergei"]
[Result "0-1"]
[WhiteElo "2403"]
[BlackElo "2586"]
[Annotator "TA"]
[PlyCount "58"]
[EventDate "2019.10.17"]
[EventType "swiss"]
[EventCountry "GER"]
[SourceTitle "playchess.com"]
[Source "ChessBase"]
[SourceQuality "1"]

{[%evp 10,57,13,14,12,11,12,9,8,12,8,0,0,-7,-4,-23,-23,-17,-17,-20,-21,-35,-27,-63,-62,-87,-79,-143,-145,-395,-385,-494,-460,-460,-260,-271,-201,-337,-265,-265,-249,-256,-249,-29984,-29985,-29985,-29986,-29993,-29994,-29999]} 1. e4 e5 2. Nf3 Nc6 3. Bc4 Bc5 4. O-O Nf6 5. d3 d6 6. h3 a5 {C50: Hungarian Defence and Giuoco Pianissimo} 7. c3 O-O 8. Re1 h6 {The position is equal.} 9. a4 (9. Nbd2 Be6 10. Bb5 Qb8 11. Nf1 Qa7 12. d4 exd4 13. Bxc6 dxc3 14. Ba4 Bxf2+ 15. Kh2 Bxe1 16. Qxe1 {½-½ (60) Alekseenko,K (2671)-Ding,L (2811) Khanty-Mansiysk 2019}) 9... Be6 10. Qb3 Bxc4 11. Qxc4 Re8 12. Be3 $146 ({Predecessor:} 12. Nbd2 Qd7 13. Nf1 Bb6 14. Ng3 d5 {½-½ (74) Yegiazaryan,A (2365)-Pashikian,A (2608) Yerevan 2018}) 12... Bxe3 13. Rxe3 d5 $36 {[%mdl 2048] Black has good play.} 14. Qb3 d4 15. Re1 Nh5 16. Na3 ({Much weaker is} 16. Qxb7 Re6 $17) 16... Nf4 17. Red1 Qf6 18. Ne1 (18. Kh2 $142) 18... Re6 $17 {...Qg5 is the strong threat.} 19. Nb5 $2 (19. Kh2 $17 {is a better defense.}) 19... Qg5 $19 20. Kh2 {Now g3 and White clings on.} Nxh3 21. Qc2 Rf6 (21... Rg6 $142 22. Qd2 Nf4) 22. Rd2 Rg6 {And now ...Nf4 would win.} 23. Nxc7 (23. Qd1 {was the only chance.} Nf4 24. g3) 23... Rc8 ({Don't play} 23... dxc3 24. bxc3 Nf4 25. g3 $19) 24. Nd5 {[#]} Nb4 $1 {[%mdl 512]} 25. Nxb4 (25. cxb4 Rxc2) 25... axb4 26. c4 $2 (26. Qd1 $19 dxc3 27. bxc3) 26... Rcc6 {Black mates.} 27. Qd1 Rcf6 28. Kxh3 {[#]} Rxf2 $1 {[%mdl 576] Remove Defender} 29. Rxf2 Qg3# {Accuracy: White = 35%, Black = 80%.} 0-1

[Event "23rd OIBM 2019"]
[Site "Gmund am Tegernsee"]
[Date "2019.10.29"]
[Round "4.11"]
[White "Santos Latasa, Jaime"]
[Black "Lavrinenkov, Vadim"]
[Result "1-0"]
[WhiteElo "2580"]
[BlackElo "2306"]
[Annotator "TA"]
[PlyCount "159"]
[EventDate "2019.10.17"]
[EventType "swiss"]
[EventCountry "GER"]
[SourceTitle "playchess.com"]
[Source "ChessBase"]
[SourceQuality "1"]

{[%evp 9,190,32,27,27,43,17,0,12,7,0,0,-7,0,-8,22,0,0,0,41,17,11,0,0,0,31,17,35,9,0,0,0,0,0,-42,-49,-52,7,-83,-100,-110,-75,-72,-70,-62,-67,-77,-70,-79,-52,-67,-72,-63,-55,-52,-56,-137,-136,-114,0,-18,-20,-52,-47,-70,16,25,30,24,34,54,879,861,889,883,852,852,6291,463,431,437,536,391,396,220,197,122,122,66,66,66,66,66,68,34,26,38,30,40,62,73,109,69,66,39,40,0,48,0,102,49,118,124,143,114,120,53,132,0,81,0,121,0,0,0,0,0,0,0,0,0,22,0,0,2,72,72,72,72,72,69,72,72,72,72,220,253,237,242,221,204,366,366,297,307,338,218,219,206,206,149,164,141,183,141,148,148,191,0,0,0,191,27,29976,29967,29965,29967,29966,29969,29969,29969,29966,29969,29999]} 1. e4 c5 2. Nf3 e6 3. d4 cxd4 4. Nxd4 a6 5. Bd3 d5 (5... Bc5 6. Nb3 Be7 7. Qg4 g6 8. Qe2 d6 9. O-O Nd7 10. a4 Ne5 11. a5 Nf6 12. Nc3 Bd7 13. Be3 O-O 14. f4 Nxd3 15. cxd3 e5 16. Bb6 {1-0 (46) Chigaev,M (2640)-Fedorchuk,S (2633) Riga 2019}) 6. exd5 {B42: Sicilian: Kan Variation: 5 Bd3} Qxd5 7. Nc3 Qxg2 8. Be4 {The position is equal.} Qh3 9. Qe2 Nf6 $1 10. Bf3 Bc5 $146 ({Predecessor:} 10... Nbd7 11. Bg5 h6 12. Bd2 Qh4 13. Nf5 Qh3 14. Nd4 Qh4 15. Nf5 {½-½ (15) Por,A (2028)-Berczes,D (2115) Budapest 2001}) 11. Nb3 $132 {[%mdl 2048] White is fighting back} Bd6 12. Bg5 Nbd7 13. O-O-O Qf5 14. Be3 (14. h4 $5 {[%cal Rd1d6]} h6 15. Be3 $11) 14... Bf4 15. Rhg1 O-O 16. Kb1 Bxe3 17. Qxe3 Kh8 18. h4 {[%mdl 1024] White has compensation.} Qe5 19. Qd2 Rg8 20. Rg5 Qc7 21. Rdg1 Rb8 22. Nd4 Nb6 ({Black should play} 22... Qd8 $15) 23. h5 (23. Rxg7 $11 Rxg7 24. Rxg7 Kxg7 25. Qg5+ Kf8 26. Qxf6) 23... e5 $17 24. Nb3 Be6 25. Rxg7 Rxg7 26. Rxg7 Kxg7 27. Qg5+ Kf8 $1 {[%cal Rf8e7]} 28. Qxf6 Nd7 (28... Rc8 $5 {[%cal Rb6a4]} 29. Be4 Nd7 $15) 29. Qh6+ $1 Ke7 30. Qg5+ Ke8 31. Qg8+ Nf8 32. Ne4 (32. Qg7 $1 $15) 32... Qe7 $1 33. Qh8 Bf5 (33... f5 $1 $17 {[%cal Rf5e4]} 34. Nf6+ (34. Qxe5 Rd8 $17) 34... Kf7) 34. Nf6+ $11 Kd8 35. Na5 {[#] Threatens to win with Nd5.} Qc5 $1 {[%cal Rc5c2]} 36. Ka1 Bxc2 (36... e4 $1 $15 37. Bxe4 Qd6) 37. Nd5 $1 ({Not} 37. Nxb7+ $2 Rxb7 $1 {[%mdl 512]} 38. Nd5 Bd3 $19) 37... Qd6 {[#]} 38. Nc4 $1 {[%mdl 512]} Qh6 {[%cal Rh6c1]} 39. Nce3 f6 $2 {[%mdl 8192] [#]} (39... Rc8 $14) 40. Qg8 $1 $18 {[%cal Rg8f7][%mdl 512] Threatening mate with Qf7.} Ke8 41. Nc7+ $1 Ke7 42. Qc4 Kd8 43. Qxc2 (43. Qf7 $142 {Qe8+ would kill now.} Be4 44. Bxe4) 43... Qg7 44. Ncd5 Ne6 45. Qd1 Nd4 46. a3 (46. Nb6 $142) 46... Rc8 {With the idea ...Rc1+.} 47. Nc3 (47. Kb1 $18) 47... Kc7 $16 48. Nc2 (48. Be4 $16) 48... Nxf3 $14 49. Qxf3 Kb8 50. Ne3 Rc6 51. Ncd5 {Strongly threatening Ng4.} Qf7 52. Kb1 Rd6 53. Nc3 Rc6 54. Qf5 Qg8 55. h6 Qg1+ 56. Ka2 (56. Ncd1 $5 {[%cal Rf5h7]} Rd6 57. Kc2 $16) 56... Qg8+ 57. Kb1 Qg1+ $1 58. Kc2 (58. Ncd1 $5 {[%cal Rf5h7]} Rd6 59. Kc2 $16) 58... Qg8 (58... Qh2 $11) 59. Qe4 (59. Kd2 $16) 59... Ka8 (59... Qg1 $14) 60. Ned5 $16 {And now Ne7 would win.} Qf7 61. Kb1 Rd6 62. Ne3 (62. a4 $16) 62... Qg8 ({Black should try} 62... Rd4 $14 63. Qg2 Qb3) 63. Kc2 (63. Ncd5 $16) 63... Rc6 (63... Rd4 $11 {remains equal.} 64. Qf3 Qg5) 64. Ned5 {Black must now prevent Ne7.} Qf7 $1 65. Qg2 ({Better is} 65. a4 $16) 65... f5 $11 66. Qh1 Qe6 67. Nb4 Rd6 68. Qh5 Qg6 69. Qe2 e4 70. Qc4 Qe6 71. Nbd5 Qxh6 (71... Qe5 $1 $11 {keeps the balance.}) 72. Qc8+ $16 {[%mdl 64] Double Attack} Ka7 73. Qxf5 Qg6 74. Qf4 {Hoping for Ne7.} e3+ 75. Kb3 exf2 76. Qxf2+ Kb8 (76... b6 $16) 77. Qf8+ $18 Ka7 78. Ne7 $1 {[%cal Re7c8]} Qe6+ 79. Kc2 {Nc8+ is the strong threat.} Rd4 $2 (79... Rc6) 80. Nc8+ {Played: Qf8-f2} 1-0

[Event "23rd OIBM 2019"]
[Site "Gmund am Tegernsee"]
[Date "2019.10.29"]
[Round "4.12"]
[White "Nasshan, Dennis"]
[Black "Shevchenko, Kirill"]
[Result "0-1"]
[WhiteElo "2306"]
[BlackElo "2542"]
[Annotator "TA RC"]
[PlyCount "82"]
[EventDate "2019.10.17"]
[EventType "swiss"]
[EventCountry "GER"]
[SourceTitle "playchess.com"]
[Source "ChessBase"]
[SourceQuality "1"]

{[%evp 9,83,39,39,31,34,15,25,17,24,0,0,0,0,0,0,0,0,0,-12,-40,-14,-38,-18,-35,-19,-77,-75,-80,-70,-83,-57,-80,-43,-54,-57,-43,-29,-38,0,-92,8,1,1,1,2,-64,0,-115,-106,-124,-135,-147,-66,-72,-69,-70,-83,-77,-75,-232,0,0,0,-210,-217,-632,-633,-620,-597,-896,-886,-5481,-5477,-2501,-1812,-29977]} 1. d4 Nf6 2. c4 g6 3. f3 c5 4. d5 d6 5. e4 e6 6. Nc3 {E60: King's Indian: Unusual lines and Fianchetto Variation without Nc3} Bg7 7. Bd3 (7. Nge2 exd5 8. cxd5 a6 9. a4 O-O 10. Ng3 Nbd7 11. Be2 Ne8 12. O-O Rb8 13. Re1 Nc7 14. Bf4 Qe7 15. Qd2 Re8 16. a5 b5 17. axb6 Rxb6 18. Ra5 Rb4 19. Nf1 {1-0 (51) Ding,L (2805)-Nepomniachtchi,I (2773) Abidjan 2019}) 7... a6 8. a4 {White has an edge.} Nbd7 {[%cal Bb8d7,Bd7e5,Be5d3][%mdl 32]} 9. Nh3 $146 ({Predecessor:} 9. Be3 Ne5 10. Nge2 O-O 11. O-O Re8 12. Qd2 exd5 13. cxd5 Qd7 14. Ng3 Rb8 {0-1 (40) Lindemann,S (1450)-Mirus,L (1420) Halver 2003}) 9... exd5 10. cxd5 Ne5 11. Nf2 Nxd3+ 12. Qxd3 Nd7 13. O-O O-O 14. Be3 f5 15. exf5 Ne5 16. Qe2 Bxf5 17. f4 (17. Bd2 $11) 17... Nf7 $1 $17 18. g4 Bd7 19. h3 Qe7 20. Nce4 b5 21. Qc2 bxa4 22. Bd2 $1 Rab8 23. Bc3 Nd8 24. g5 (24. Qd2 $11) 24... Bxc3 (24... Rxf4 $17 25. Rfe1 Qf7 26. Bxg7 Qxg7 27. Nf6+ Rxf6 28. gxf6 Qxf6) 25. Qxc3 Rb3 $132 {[%mdl 2048] Black puts up resistance} 26. Nf6+ Kh8 $1 27. Rae1 (27. Rfe1 $11 Qg7 28. Qd2) 27... Qg7 ({Black should try} 27... Qf7 $15 28. Qc1 Bb5) 28. Qa5 (28. Nxd7 $11 Rxc3 29. Nxf8 Rg3+ {[%mdl 64] Discovered Attack} 30. Kh2) 28... Bb5 (28... Rxb2 $6 29. Qc7 $11) 29. N2e4 Bxf1 ({But not} 29... Rxb2 30. Rf3 $11) (29... Rxh3 $6 30. Rf2 $11) 30. Rxf1 Qb7 (30... Qa7 $1 $17 31. Qxa4 Nf7) 31. Nxd6 $15 Qb6 $1 {[%cal Rb6a5]} 32. Qxb6 Rxb6 33. Nc4 Rb4 34. Nd6 $2 (34. Rc1 $17) 34... Rb6 $2 ({Worse is} 34... Rxb2 35. Re1 $11) ({Better is} 34... Nb7 $1 $19 {[%cal Rb7d6]} 35. Nxb7 Rxb7) 35. Nc4 $1 $11 {[%cal Rc4b6]} Rb4 $2 (35... Rb7 $11) 36. Nd6 $1 $19 {[#]} Nb7 $1 {[%cal Rb7d6]} ({Weaker is} 36... Rxb2 37. Re1 $11) 37. Nde8 $2 (37. Nxb7 Rxb7 38. Re1) 37... Rxb2 {Black is clearly winning.} 38. Re1 {[#] Intending Re7 and mate.} Rf7 $1 {Strongly threatening ...a3.} 39. d6 {d7 is the strong threat.} a3 {[%cal Ba4a3,Ba3a2][%mdl 32] Hoping for ...a2.} 40. d7 a2 41. Nd6 Re7 {Played: Rb2-b1} 0-1

[Event "23rd OIBM 2019"]
[Site "Gmund am Tegernsee"]
[Date "2019.10.29"]
[Round "4.13"]
[White "Seifert, Volker"]
[Black "Chanda, Sandipan"]
[Result "0-1"]
[WhiteElo "2300"]
[BlackElo "2529"]
[Annotator "TA"]
[PlyCount "54"]
[EventDate "2019.10.17"]
[EventType "swiss"]
[EventCountry "GER"]
[SourceTitle "playchess.com"]
[Source "ChessBase"]
[SourceQuality "1"]

{[%evp 14,54,28,28,29,31,22,14,10,6,9,4,20,8,13,-12,-13,-9,-12,-32,-31,-31,-31,-38,-34,-32,-30,-39,-42,-118,-104,-223,-187,-336,-345,-316,-292,-338,-337,-463,-458,-1089,-1056]} 1. d4 f5 2. g3 Nf6 3. Bg2 e6 4. Nf3 g6 5. O-O Bg7 6. b4 O-O 7. c4 Ne4 8. Bb2 b6 {A81: Dutch Defence: 2 g3} (8... Nc6 9. Qb3 a5 10. b5 a4 11. Qa3 Ne7 12. Nc3 d5 13. Rac1 Bd7 14. Rfd1 dxc4 15. Nxe4 fxe4 16. Ne5 Bxb5 17. Bxe4 {0-1 (32) Meier,G (2647)-Hjartarson,J (2536) chess.com INT 2018}) 9. Nbd2 Bb7 10. e3 $146 ({Predecessor:} 10. Qc2 Qc8 11. Rad1 Nc6 12. a3 Ne7 13. Nb3 a5 14. Ne5 {0-1 (46) Li,R (2391)-Xie,J (2432) Suzhou 2006}) 10... Qe7 {The position is equal.} 11. b5 d6 12. a4 a5 13. Ne1 Nd7 14. f3 Nxd2 15. Qxd2 e5 16. f4 Bxg2 17. Nxg2 exd4 18. exd4 Rfe8 19. Rfe1 Qf7 20. Ne3 Nf6 21. Qg2 {[#]} (21. Qc2 $15) 21... Re4 $1 $17 22. d5 (22. Re2 $17) 22... Rae8 $19 23. Nc2 (23. Qd2 $142) 23... Ng4 ({Much less strong is} 23... Rxc4 24. Rxe8+ Qxe8 25. Bxf6 $19) 24. Bxg7 Qxg7 25. Qd2 Qb2 {Hoping for ...Qxc2!} 26. Rxe4 Rxe4 (26... fxe4 27. h3 $15) 27. Re1 {[#]} (27. Rd1 $142 Rxc4 28. Nd4 Qxd2 29. Rxd2) 27... Qxc2 $1 {[%mdl 576] Remove Defender. Accuracy: White = 23%, Black = 100%.} 0-1

[Event "23rd OIBM 2019"]
[Site "Gmund am Tegernsee"]
[Date "2019.10.29"]
[Round "4.14"]
[White "Raupp, Thomas"]
[Black "Prusikin, Michael"]
[Result "0-1"]
[WhiteElo "2259"]
[BlackElo "2521"]
[Annotator "TA"]
[PlyCount "82"]
[EventDate "2019.10.17"]
[EventType "swiss"]
[EventCountry "GER"]
[SourceTitle "playchess.com"]
[Source "ChessBase"]
[SourceQuality "1"]

{[%evp 10,82,7,0,4,0,0,1,21,0,-14,-34,-4,-58,-57,-56,-53,-57,-51,-59,-45,-87,-73,-81,-58,-75,-50,-52,-29,-60,-45,-62,-61,-68,-63,-83,-77,-76,-62,-66,-71,-87,-77,-87,-73,-87,-83,-100,-93,-100,-96,-122,-17,-83,-85,-92,-71,-58,-16,-39,-42,-40,-41,-506,-510,-509,-509,-503,-503,-479,-479,-536,-553,-716,-662]} 1. d4 e6 2. c4 b6 3. e4 Bb7 4. Nc3 Bb4 5. Qc2 Qh4 6. Bd3 Bxc3+ {A40: Unusual replies to 1 d4} (6... f5 7. g3 Qh5 8. Bd2 Nf6 9. f3 Nc6 10. Nb5 O-O 11. e5 a6 12. exf6 axb5 13. fxg7 Rfe8 14. Ne2 bxc4 15. Bxc4 Bxd2+ 16. Qxd2 Na5 17. Bb5 Nb3 18. Qe3 Nxa1 {0-1 (18) Vuckovic,B (2499)-Ivanisevic,I (2648) Belgrade 2014}) 7. bxc3 f5 $1 {[%cal Rb7e4]} 8. g3 Qh5 {The position is equal.} 9. f3 {[%cal Re4f5]} fxe4 10. Bxe4 (10. fxe4 {feels hotter.} d6 11. Qg2 h6 12. Ne2 e5 13. g4) 10... Bxe4 11. Qxe4 (11. fxe4 $11 Nc6 12. Ne2) 11... Nc6 $15 12. Ne2 Nf6 13. Qd3 O-O 14. O-O e5 15. Ba3 $146 ({Predecessor:} 15. Bd2) 15... d6 16. Rae1 Qh3 17. Nc1 Rf7 18. Nb3 Re8 19. Qc2 a5 20. d5 Ne7 21. Nd2 Ref8 22. Ne4 Nxe4 23. Qxe4 Kh8 24. Bc1 Ng8 25. Qe2 h6 26. Qg2 Qf5 27. Qe2 Nf6 28. Kg2 Nd7 29. Be3 Kg8 30. Bg1 Nf6 (30... g5 $17) 31. Be3 (31. f4 $11) 31... Qg6 $17 32. Bc1 h5 33. h4 e4 34. Bg5 {[%cal Rf3e4]} exf3+ 35. Rxf3 Ng4 36. Ref1 $2 {[%mdl 8192] [#]} ({White should try} 36. Rxf7 $15 Qxf7 37. Rf1) 36... Rxf3 $19 {Black is clearly winning.} 37. Rxf3 Re8 38. Qd3 Qxd3 39. Rxd3 Re2+ 40. Kf1 Rxa2 41. Bd8 a4 {Accuracy: White = 42%, Black = 74%.} 0-1

[Event "23rd OIBM 2019"]
[Site "Gmund am Tegernsee"]
[Date "2019.10.29"]
[Round "4.15"]
[White "Gukesh D"]
[Black "Buchal, Stephan"]
[Result "1-0"]
[WhiteElo "2520"]
[BlackElo "2274"]
[Annotator "TA"]
[PlyCount "75"]
[EventDate "2019.10.17"]
[EventType "swiss"]
[EventCountry "GER"]
[SourceTitle "playchess.com"]
[Source "ChessBase"]
[SourceQuality "1"]

{[%evp 10,75,25,23,48,-11,64,66,82,70,68,68,71,0,83,14,32,36,43,44,43,41,51,41,104,92,95,60,125,117,95,101,229,177,188,170,212,150,224,213,216,214,229,172,174,78,252,233,548,534,585,572,1012,987,2615,2680,2416,1549,29990,29991,29991,29992,29992,29993,29993,29994,29994,29995]} 1. e4 g6 2. d4 Bg7 3. Nc3 d6 4. Be3 a6 5. h4 Nf6 6. f3 h5 {B07: Pirc Defence: Miscellaneous Systems} 7. e5 $146 (7. Qd3 $14) ({Predecessor:} 7. Qd2 b5 8. O-O-O c6 9. Kb1 Qc7 10. Bf4 b4 11. Na4 a5 12. Bc4 Ba6 13. Bb3 Nbd7 14. Nh3 {1-0 (38) Leko,P (2693)-Saric,I (2652) Tallinn 2016}) 7... Nfd7 (7... Ng8 $11) 8. e6 $14 fxe6 {White is slightly better.} 9. Nh3 Nf8 10. Ng5 {[%mdl 1024] White has compensation.} Nc6 11. Bd3 ({White should try} 11. f4 $16) 11... Nb4 (11... Nxd4 $11 12. Bxd4 Bxd4) 12. Be2 (12. a3 $16 Nd5 13. Qd2) 12... Nd5 13. Qd2 c6 14. Nxd5 exd5 15. O-O-O Bd7 16. g4 e6 (16... Qc8 $14) 17. gxh5 $16 gxh5 18. Qb4 Qc7 {[#]} (18... Bc8 $14) 19. Rhg1 $1 Bf6 20. f4 Rc8 (20... a5 $16 {was necessary.} 21. Qa3 Bc8) 21. Qd2 c5 22. Kb1 Ba4 {Strongly threatening ...cxd4.} 23. Rc1 Bb5 (23... c4 $16 {was called for.}) 24. Bf3 $18 Qb6 {[%cal Rc5d4]} 25. c3 cxd4 26. cxd4 Rc4 {[%cal Rf6d4] [#]} 27. Rgd1 (27. f5 $1 $18 {[%mdl 512] is more deadly.}) 27... Kd7 $2 {[#]} (27... Bxg5 $16 28. fxg5 Ng6) 28. f5 $1 {[%cal Rf5e6][%mdl 512]} exf5 $2 (28... Rxc1+ {is a better chance.} 29. Rxc1 Bc6) 29. Bxd5 Rxc1+ 30. Rxc1 {Black must now prevent Qc2.} Ng6 31. Be6+ Kd8 32. d5 Bd3+ 33. Ka1 Qb5 34. Nf7+ {[%mdl 64] Double Attack. White mates.} Ke7 35. Rc7+ Kf8 36. Bh6+ Rxh6 37. Qxh6+ {[%mdl 64] Double Attack} Bg7 38. Rc8+ {Accuracy: White = 72%, Black = 33%.} 1-0